000 00767nac a22002537a 4500
001 BR6002890
003 BR-BrBNA
005 20240105121733.0
008 230509b bl.|||m| |||| 00| 0 por d
040 _aBR-BrBNA
_bpor
_cBiblioteca Nacional de Agricultura
072 _aL10
090 _a5120 BR6002890
100 1 _aDomingues, O.
110 1 _aInstituto de Zootecnia, Rio de Janeiro, GB (Brasil)
_96282
245 1 _aContribuicao ao estudo do cavalo pantaneiro
260 3 _aRio de Janeiro, GB (Brasil):
300 _a1957
490 _aPublicacao - Instituto de Zootecnia (Brazil)
_vno. 17
_x
500 _a6 ref.; Summaries (En, Pt)
650 _aCavalo
650 _aRaca
909 _a202312
_bLúcia Elande
_c55
_dLúcia Elande
942 _2AGRIS
_n0
_cMS
999 _c287138
_d287138